[Event "Skalica op-B"]
[Site "Skalica"]
[Date "2023.08.26"]
[Round "8"]
[White "Recky, Norbert"]
[Black "Oslej, Marek"]
[Result "1/2-1/2"]
[WhiteElo "1688"]
[BlackElo "1440"]
[PlyCount "42"]
[EventDate "2023.08.19"]
[EventType "swiss"]
[EventRounds "9"]
[EventCountry "SVK"]
[SourceTitle "CBM 215 Extra"]
[Source "ChessBase"]
[SourceDate "2023.09.30"]
[SourceVersion "1"]
[SourceVersionDate "2023.09.30"]
[SourceQuality "1"]

1. e4 c5 2. Nf3 e6 3. d4 cxd4 4. Nxd4 Nf6 5. Bd3 Nc6 6. Nxc6 bxc6 7. 0-0 Qc7 8. f4 Bc5+ 9. Kh1 h5 10. h3 Ng4 11. Qf3 Qb6 12. g3 Ba6 13. Bxa6 Qxa6 14. Kg2 Nf6 15. Nc3 Ke7 16. e5 Nd5 17. Ne4 Bb6 18. Bd2 f5 19. Nd6 Bc5 20. c4 Nb6 21. Qd3 Bxd6 1/2-1/2

[Event "Skalica op-B"]
[Site "Skalica"]
[Date "2023.08.23"]
[Round "5"]
[White "Perrin, Brent"]
[Black "Recky, Norbert"]
[Result "1-0"]
[WhiteElo "1748"]
[BlackElo "1688"]
[PlyCount "103"]
[EventDate "2023.08.19"]
[EventType "swiss"]
[EventRounds "9"]
[EventCountry "SVK"]
[SourceTitle "CBM 215 Extra"]
[Source "ChessBase"]
[SourceDate "2023.09.30"]
[SourceVersion "1"]
[SourceVersionDate "2023.09.30"]
[SourceQuality "1"]

1. e4 c5 2. Nf3 d6 3. c3 e6 4. d4 Be7 5. Bd3 Nf6 6. 0-0 Nc6 7. Re1 a6 8. a4 b6 9. Bf4 Nh5 10. Be3 Nf6 11. Nbd2 Ng4 12. Bf4 e5 13. Bg3 exd4 14. cxd4 cxd4 15. Rc1 Nge5 16. Nxe5 Nxe5 17. Bf1 Bb7 18. Nb3 0-0 19. Nxd4 Re8 20. Nf5 Bf8 21. Qb3 g6 22. Nd4 Nd7 23. f3 Nc5 24. Qa2 Qd7 25. a5 b5 26. b4 Ne6 27. Red1 Rac8 28. Qd2 Rxc1 29. Rxc1 Rc8 30. Rd1 Rd8 31. Nxe6 fxe6 32. Bd3 Qe7 33. Bf4 Qd7 34. Bb1 d5 35. Ba2 Be7 36. Qd4 Bc6 37. Bh6 Bf8 38. Bxf8 Rxf8 39. exd5 Bxd5 40. Qb6 Qc8 41. Bxd5 exd5 42. Rxd5 Qc1+ 43. Kf2 Qb2+ 44. Kg3 Qxb4 45. Qe6+ Kh8 46. Qe5+ Kg8 47. Rd7 Rf7 48. Rd8+ Rf8 49. Qe6+ Kg7 50. Rd7+ Kh6 51. Qe3+ g5 52. Qe6+ 1-0

[Event "Piestany op-B"]
[Site "Piestany"]
[Date "2023.07.14"]
[Round "4"]
[White "Recky, Norbert"]
[Black "Sokolovsky, Jakub"]
[Result "0-1"]
[WhiteElo "1673"]
[BlackElo "1852"]
[PlyCount "98"]
[EventDate "2023.07.11"]
[EventType "swiss"]
[EventRounds "9"]
[EventCountry "SVK"]
[SourceTitle "EXT 2024"]
[Source "ChessBase"]
[SourceDate "2023.10.10"]
[SourceVersion "1"]
[SourceVersionDate "2023.10.10"]
[SourceQuality "1"]

1. e4 c5 2. Nf3 d6 3. d4 cxd4 4. Nxd4 Nf6 5. Nc3 a6 6. a4 e5 7. Nb3 Be7 8. f3 Be6 9. Be3 h5 10. Qd2 Nbd7 11. Rd1 Rc8 12. Qf2 0-0 13. Be2 Qc7 14. 0-0 Rfd8 15. g4 Nc5 16. Nxc5 dxc5 17. g5 Nh7 18. f4 exf4 19. Bxf4 Bd6 20. Rxd6 Rxd6 21. Nd5 Qd8 22. Bxd6 Qxd6 23. Rd1 Bxd5 24. Rxd5 Qe7 25. Qf5 Rc7 26. h4 g6 27. Qe5 Qxe5 28. Rxe5 Nf8 29. Bc4 Kg7 30. Re8 Rd7 31. Bd5 Ne6 32. Rb8 Nd8 33. Rc8 Nc6 34. Kf2 Ne7 35. Rxc5 b6 36. Rc3 Nxd5 37. exd5 Rxd5 38. Ke3 b5 39. axb5 Rxb5 40. b3 Rb4 41. Rc4 Rxc4 42. bxc4 f5 43. gxf6+ Kxf6 44. Kd4 Ke6 45. Kc5 g5 46. Kb6 g4 47. c5 g3 48. c6 g2 49. c7 g1Q+ 0-1

[Event "SVK-ch Amateurs"]
[Site "Liptovsky Jan"]
[Date "2023.06.17"]
[Round "6"]
[White "Ziaran, Viliam"]
[Black "Recky, Norbert"]
[Result "1/2-1/2"]
[WhiteElo "1844"]
[BlackElo "1708"]
[PlyCount "36"]
[EventDate "2023.06.15"]
[EventType "swiss"]
[EventRounds "8"]
[EventCountry "SVK"]
[SourceTitle "CBM 214 Extra"]
[Source "ChessBase"]
[SourceDate "2023.07.31"]
[SourceVersion "1"]
[SourceVersionDate "2023.07.31"]
[SourceQuality "1"]

1. e4 c5 2. Nc3 d6 3. g3 g6 4. Bg2 Bg7 5. d3 Nc6 6. Be3 e6 7. Qd2 Qa5 8. f4 Nge7 9. Nf3 d5 10. Nd1 Qxd2+ 11. Bxd2 0-0 12. c3 b6 13. 0-0 Ba6 14. Ne1 Rad8 15. e5 f6 16. exf6 Bxf6 17. Bh3 e5 18. fxe5 Nxe5 1/2-1/2

[Event "SVK-ch Amateurs"]
[Site "Liptovsky Jan"]
[Date "2023.06.15"]
[Round "1"]
[White "Recky, Norbert"]
[Black "Simko, Jakub"]
[Result "1-0"]
[WhiteElo "1708"]
[BlackElo "1000"]
[PlyCount "53"]
[EventDate "2023.06.15"]
[EventType "swiss"]
[EventRounds "8"]
[EventCountry "SVK"]
[SourceTitle "CBM 214 Extra"]
[Source "ChessBase"]
[SourceDate "2023.07.31"]
[SourceVersion "1"]
[SourceVersionDate "2023.07.31"]
[SourceQuality "1"]

1. e4 c5 2. Nf3 d6 3. d4 cxd4 4. Nxd4 Nf6 5. Nc3 g6 6. f3 e5 7. Nb3 Nc6 8. Be3 Bg7 9. Qd2 0-0 10. 0-0-0 Be6 11. Qxd6 Qxd6 12. Rxd6 a6 13. Be2 h5 14. Rhd1 Ne8 15. R6d2 Nc7 16. Nc5 b5 17. Nd5 Bxd5 18. exd5 Nd4 19. d6 Nce6 20. Nxe6 Nxe6 21. c3 Rfd8 22. d7 Rab8 23. Rd6 Bf8 24. Rxa6 Nc5 25. Ra7 Be7 26. Rd5 Ne6 27. Rxe5 1-0

[Event "SVK-chT2D 2223"]
[Site "Slovakia"]
[Date "2022.10.09"]
[Round "2.8"]
[White "Dzupin, Dominik"]
[Black "Recky, Norbert"]
[Result "0-1"]
[WhiteElo "1603"]
[BlackElo "1712"]
[PlyCount "33"]
[EventDate "2022.10.08"]
[EventType "team-tourn"]
[EventRounds "11"]
[EventCountry "SVK"]
[SourceTitle "EXT 2024"]
[Source "ChessBase"]
[SourceDate "2023.10.10"]
[SourceVersion "1"]
[SourceVersionDate "2023.10.10"]
[SourceQuality "1"]
[WhiteTeam "Moldava nad Bodvou"]
[BlackTeam "Spisska Nova Ves"]
[WhiteTeamCountry "SVK"]
[BlackTeamCountry "SVK"]

1. e4 c5 2. c3 d5 3. exd5 Qxd5 4. d4 e6 5. Nf3 Nf6 6. Na3 cxd4 7. Nb5 Na6 8. Nbxd4 Be7 9. Bxa6 bxa6 10. 0-0 0-0 11. c4 Qxc4 12. Bg5 Nd5 13. b3 Qc7 14. Rc1 Qd7 15. Qe2 Bb7 16. Bh4 Rac8 17. Ne5 0-1

[Event "Skalica op-B"]
[Site "Skalica"]
[Date "2022.08.27"]
[Round "8"]
[White "Benci, Jozef1111"]
[Black "Recky, Norbert"]
[Result "1/2-1/2"]
[WhiteElo "1503"]
[BlackElo "1732"]
[PlyCount "36"]
[EventDate "2022.08.20"]
[EventType "swiss"]
[EventRounds "9"]
[EventCountry "SVK"]
[SourceTitle "CBM 209 Extra"]
[Source "ChessBase"]
[SourceDate "2022.09.30"]
[SourceVersion "1"]
[SourceVersionDate "2022.09.30"]
[SourceQuality "1"]

1. e4 c5 2. Nc3 Nc6 3. f4 e6 4. Bb5 Nge7 5. Nf3 a6 6. Bxc6 Nxc6 7. 0-0 Be7 8. d3 0-0 9. Qe1 Nd4 10. Nxd4 cxd4 11. Ne2 Qb6 12. b3 d6 13. e5 dxe5 14. fxe5 Qc5 15. Qg3 Kh8 16. Bg5 Bxg5 17. Qxg5 Bd7 18. Ng3 f6 1/2-1/2

[Event "Skalica op-B"]
[Site "Skalica"]
[Date "2022.08.23"]
[Round "4"]
[White "Recky, Norbert"]
[Black "Bartos, Bohumil"]
[Result "1-0"]
[WhiteElo "1732"]
[BlackElo "1496"]
[PlyCount "49"]
[EventDate "2022.08.20"]
[EventType "swiss"]
[EventRounds "9"]
[EventCountry "SVK"]
[SourceTitle "CBM 209 Extra"]
[Source "ChessBase"]
[SourceDate "2022.09.30"]
[SourceVersion "1"]
[SourceVersionDate "2022.09.30"]
[SourceQuality "1"]

1. e4 c6 2. d4 d5 3. e5 Bf5 4. c3 e6 5. Nd2 Ne7 6. Be2 Qc7 7. Ngf3 Nd7 8. 0-0 c5 9. Nb3 cxd4 10. cxd4 Nc6 11. Bd2 Rc8 12. Rc1 Qb8 13. Nh4 Bg6 14. g4 Be7 15. Nxg6 hxg6 16. f4 f6 17. f5 exf5 18. gxf5 fxe5 19. dxe5 Ndxe5 20. Bf4 Rd8 21. Nd4 Nxd4 22. Qxd4 Bf6 23. Bb5+ Kf7 24. fxg6+ Nxg6 25. Bxb8 1-0

[Event "Skalica op-B"]
[Site "Skalica"]
[Date "2022.08.20"]
[Round "1"]
[White "Polansky, Matej"]
[Black "Recky, Norbert"]
[Result "0-1"]
[WhiteElo "1251"]
[BlackElo "1732"]
[PlyCount "80"]
[EventDate "2022.08.20"]
[EventType "swiss"]
[EventRounds "9"]
[EventCountry "SVK"]
[SourceTitle "CBM 209 Extra"]
[Source "ChessBase"]
[SourceDate "2022.09.30"]
[SourceVersion "1"]
[SourceVersionDate "2022.09.30"]
[SourceQuality "1"]

1. e4 c5 2. Nf3 d6 3. d4 cxd4 4. Nxd4 Nf6 5. Nc3 a6 6. Bc4 e6 7. Bg5 Be7 8. 0-0 0-0 9. Qe2 Nc6 10. Rad1 Nxd4 11. Rxd4 Qb6 12. Qd3 e5 13. Nd5 Nxd5 14. Rxd5 Bxg5 15. Rxd6 Qc7 16. Rd1 Be7 17. Rd5 Be6 18. Qc3 Bxd5 19. Rxd5 b5 20. Be2 Qxc3 21. bxc3 Rfd8 22. Rd3 Rxd3 23. cxd3 a5 24. d4 exd4 25. cxd4 b4 26. Bb5 a4 27. Bc6 Rc8 28. Bb5 Rc1+ 29. Bf1 b3 30. axb3 axb3 31. g3 b2 32. Kg2 Rxf1 33. Kxf1 b1Q+ 34. Ke2 Qxe4+ 35. Kf1 Qxd4 36. Kg2 Bc5 37. Kh3 Qxf2 38. g4 Qf1+ 39. Kg3 g5 40. h3 Qf2# 0-1

[Event "Liptovsky Jan op"]
[Site "Liptovsky Jan"]
[Date "2022.06.26"]
[Round "6"]
[White "Vastik, Tomas"]
[Black "Recky, Norbert"]
[Result "1/2-1/2"]
[WhiteElo "1469"]
[BlackElo "1765"]
[PlyCount "77"]
[EventDate "2022.06.23"]
[EventType "swiss"]
[EventRounds "7"]
[EventCountry "SVK"]
[SourceTitle "CBM 209 Extra"]
[Source "ChessBase"]
[SourceDate "2022.09.30"]
[SourceVersion "1"]
[SourceVersionDate "2022.09.30"]
[SourceQuality "1"]

1. e4 c5 2. Nf3 d6 3. d4 cxd4 4. Nxd4 Nf6 5. Nc3 a6 6. h3 e5 7. Nf3 Be6 8. Be2 Be7 9. 0-0 0-0 10. Bg5 Nbd7 11. Qd2 Rc8 12. a3 Rc5 13. Rfd1 d5 14. b4 Rxc3 15. Qxc3 Nxe4 16. Bxe7 Nxc3 17. Bxd8 Nxe2+ 18. Kf1 Nc3 19. Bg5 Nxd1 20. Rxd1 Rc8 21. Rc1 f6 22. Bd2 b5 23. c3 Nb6 24. Ke1 Kf7 25. Be3 Na4 26. Kd2 g5 27. g4 h5 28. gxh5 Rh8 29. h6 Rxh6 30. h4 Rh5 31. hxg5 Bg4 32. Ne1 fxg5 33. Nd3 Kf6 34. Nc5 Nxc5 35. bxc5 Bd7 36. Rg1 g4 37. c6 Bc8 38. c7 Ke7 39. Bc5+ 1/2-1/2

[Event "Liptovsky Jan op"]
[Site "Liptovsky Jan"]
[Date "2022.06.25"]
[Round "4.31"]
[White "Recky, Norbert"]
[Black "Straka, Simon"]
[Result "0-1"]
[WhiteElo "1765"]
[BlackElo "1547"]
[PlyCount "48"]
[EventDate "2022.06.23"]
[EventType "swiss"]
[EventRounds "7"]
[EventCountry "SVK"]
[SourceTitle "CBM 209 Extra"]
[Source "ChessBase"]
[SourceDate "2022.09.30"]
[SourceVersion "1"]
[SourceVersionDate "2022.09.30"]
[SourceQuality "1"]

1. e4 e5 2. Nf3 Nf6 3. Nxe5 d6 4. Nf3 Nxe4 5. d4 d5 6. Bd3 Bd6 7. 0-0 0-0 8. Nbd2 Re8 9. c4 c6 10. Qc2 f5 11. g3 Nd7 12. b3 Ndf6 13. Bb2 Ng4 14. Rae1 Qf6 15. Kg2 Bd7 16. h3 Ngxf2 17. Rxf2 Nxf2 18. Kxf2 Rxe1 19. Nxe1 f4 20. Nef3 Bxh3 21. Bxh7+ Kh8 22. Qg6 fxg3+ 23. Kg1 Qf4 24. Qd3 Re8 0-1

[Event "SVK-chT2D 2122"]
[Site "Slovakia"]
[Date "2021.10.16"]
[Round "1.8"]
[White "Dragula, Miroslav"]
[Black "Recky, Norbert"]
[Result "0-1"]
[WhiteElo "1565"]
[BlackElo "1761"]
[PlyCount "94"]
[EventDate "2021.10.16"]
[EventType "team-tourn"]
[EventRounds "11"]
[EventCountry "SVK"]
[SourceTitle "EXT 2023"]
[Source "ChessBase"]
[SourceDate "2022.10.05"]
[SourceVersion "1"]
[SourceVersionDate "2022.10.05"]
[SourceQuality "1"]
[WhiteTeam "Presov Slavia PU"]
[BlackTeam "Spisska Nova Ves"]
[WhiteTeamCountry "SVK"]
[BlackTeamCountry "SVK"]

1. d4 Nf6 2. c4 g6 3. Nc3 d5 4. Nf3 Bg7 5. e3 0-0 6. Be2 b6 7. Bd2 Bb7 8. Rc1 Nbd7 9. Qb3 dxc4 10. Qxc4 c5 11. 0-0 Rc8 12. Qb3 Ne4 13. Nxe4 Bxe4 14. Qd1 Bxf3 15. Bxf3 cxd4 16. Bb7 Rxc1 17. Qxc1 Nc5 18. Bf3 dxe3 19. Bxe3 Nd3 20. Qc2 Ne5 21. Be2 Qc8 22. Qxc8 Rxc8 23. Rc1 Rxc1+ 24. Bxc1 f5 25. h3 Kf7 26. b3 Nc6 27. Bd2 e5 28. f3 Bf8 29. Bc4+ Kf6 30. f4 Bc5+ 31. Kf1 Bd4 32. fxe5+ Kxe5 33. Bh6 Ne7 34. Bf7 Kf6 35. Bc4 g5 36. Bf8 Ng6 37. Bd6 f4 38. b4 Be5 39. Bxe5+ Nxe5 40. Be2 Kf5 41. Kf2 Ke4 42. Bb5 Nd3+ 43. Bxd3+ Kxd3 44. Kf3 Kc4 45. Kg4 Kxb4 46. Kxg5 Ka3 47. Kxf4 Kxa2 0-1

[Event "Skalica op-B"]
[Site "Skalica"]
[Date "2021.08.26"]
[Round "6"]
[White "Janik, Marek Tobias"]
[Black "Recky, Norbert"]
[Result "0-1"]
[WhiteElo "1680"]
[BlackElo "1776"]
[PlyCount "100"]
[EventDate "2021.08.21"]
[EventType "swiss"]
[EventRounds "9"]
[EventCountry "SVK"]
[SourceTitle "CBM 204 Extra"]
[Source "ChessBase"]
[SourceDate "2021.11.30"]
[SourceVersion "1"]
[SourceVersionDate "2021.11.30"]
[SourceQuality "1"]

1. d4 Nf6 2. c4 g6 3. Nc3 d5 4. cxd5 Nxd5 5. e4 Nxc3 6. bxc3 Bg7 7. Bc4 c5 8. Ne2 Nc6 9. Be3 cxd4 10. cxd4 Qa5+ 11. Bd2 Qd8 12. Bc3 0-0 13. 0-0 b6 14. Rc1 Bb7 15. d5 Ne5 16. Bxe5 Bxe5 17. f4 Bd6 18. e5 Bc5+ 19. Kh1 Qd7 20. f5 gxf5 21. Nf4 Be3 22. Rc3 Bxf4 23. Rxf4 Kh8 24. Rh3 Rg8 25. Rfh4 Rg7 26. Rh6 Qc8 27. Qf3 Qg8 28. Qxf5 Rc8 29. Qd3 e6 30. Qf1 Rxc4 31. Qxc4 Bxd5 32. Qc2 Bxg2+ 33. Qxg2 Rxg2 34. Rxh7+ Qxh7 35. Kxg2 Kg7 36. Rxh7+ Kxh7 37. Kf3 Kg6 38. Kf4 Kh5 39. Kf3 Kg5 40. Ke4 Kg4 41. a3 b5 42. Kd4 a5 43. h3+ Kxh3 44. Kc5 b4 45. axb4 axb4 46. Kxb4 Kg4 47. Kc5 Kf4 48. Kd6 Ke4 49. Ke7 Kxe5 50. Kxf7 Kf5 0-1

[Event "Skalica op-B"]
[Site "Skalica"]
[Date "2021.08.23"]
[Round "3"]
[White "Recky, Norbert"]
[Black "Magda, Filip"]
[Result "0-1"]
[WhiteElo "1776"]
[BlackElo "1394"]
[PlyCount "144"]
[EventDate "2021.08.21"]
[EventType "swiss"]
[EventRounds "9"]
[EventCountry "SVK"]
[SourceTitle "CBM 204 Extra"]
[Source "ChessBase"]
[SourceDate "2021.11.30"]
[SourceVersion "1"]
[SourceVersionDate "2021.11.30"]
[SourceQuality "1"]

1. e4 c5 2. Nf3 Nc6 3. d4 cxd4 4. Nxd4 Nf6 5. Nc3 g6 6. Nxc6 bxc6 7. e5 Ng8 8. Bc4 Bg7 9. Qe2 d6 10. Bf4 dxe5 11. Bxe5 Nf6 12. 0-0 0-0 13. Rad1 Bd7 14. Na4 Qa5 15. b3 Bf5 16. Bc3 Qc7 17. f3 Rfe8 18. g4 Bd7 19. Qd2 Bc8 20. Nc5 e6 21. b4 Nd5 22. Bxg7 Kxg7 23. Ne4 Qb6+ 24. Nc5 Qxb4 25. Qxb4 Nxb4 26. Bb3 Nd5 27. Kf2 a5 28. Rfe1 Ba6 29. Nxa6 Rxa6 30. Bxd5 cxd5 31. Rxd5 exd5 32. Rxe8 Rc6 33. Re2 Kf6 34. f4 Rc4 35. Kf3 Rc3+ 36. Re3 Rxc2 37. g5+ Kg7 38. Ra3 Rxh2 39. Rxa5 Rh3+ 40. Ke2 Rh4 41. Kf3 Rh3+ 42. Ke2 Rh2+ 43. Kd3 Rh4 44. Ke3 d4+ 45. Ke4 d3 46. Rd5 Rh2 47. a3 d2 48. a4 f5+ 49. Ke3 Rh3+ 50. Kxd2 Ra3 51. a5 Ra4 52. Ke3 h6 53. gxh6+ Kxh6 54. Kf3 Kh5 55. Rd1 Ra3+ 56. Kf2 Kg4 57. Rg1+ Kxf4 58. Rxg6 Rxa5 59. Rb6 Ra2+ 60. Ke1 Kg4 61. Rg6+ Kf3 62. Rg8 f4 63. Rg7 Ra1+ 64. Kd2 Kf2 65. Rg8 Ra3 66. Rf8 f3 67. Rf7 Ra4 68. Rg7 Rh4 69. Rg8 Rh3 70. Rg7 Rh2 71. Rg8 Rg2 72. Rf8 Kg1+ 0-1

[Event "Piestany Slovakia op"]
[Site "Piestany"]
[Date "2021.07.16"]
[Round "7"]
[White "Recky, Norbert"]
[Black "Orgon, Dusan"]
[Result "1/2-1/2"]
[WhiteElo "1764"]
[BlackElo "1971"]
[PlyCount "32"]
[EventDate "2021.07.10"]
[EventType "swiss"]
[EventRounds "9"]
[EventCountry "SVK"]
[SourceTitle "CBM 203 Extra"]
[Source "ChessBase"]
[SourceDate "2021.09.30"]
[SourceVersion "1"]
[SourceVersionDate "2021.09.30"]
[SourceQuality "1"]

1. e4 d5 2. exd5 Qxd5 3. Nc3 Qd6 4. d4 Nf6 5. Bc4 Bg4 6. f3 Bf5 7. Nge2 a6 8. Bf4 Qd7 9. 0-0 e6 10. d5 Bc5+ 11. Kh1 exd5 12. Nxd5 Nxd5 13. Qxd5 Qxd5 14. Bxd5 c6 15. Bb3 0-0 16. Ng3 Bg6 1/2-1/2

[Event "Piestany Slovakia op"]
[Site "Piestany"]
[Date "2021.07.13"]
[Round "4"]
[White "Hujo, Jozef"]
[Black "Recky, Norbert"]
[Result "1-0"]
[WhiteElo "1926"]
[BlackElo "1764"]
[PlyCount "103"]
[EventDate "2021.07.10"]
[EventType "swiss"]
[EventRounds "9"]
[EventCountry "SVK"]
[SourceTitle "CBM 203 Extra"]
[Source "ChessBase"]
[SourceDate "2021.09.30"]
[SourceVersion "1"]
[SourceVersionDate "2021.09.30"]
[SourceQuality "1"]

1. d4 Nf6 2. Bf4 g6 3. e3 Bg7 4. Nf3 d6 5. Be2 0-0 6. c4 Nbd7 7. Nc3 b6 8. h3 Bb7 9. 0-0 Re8 10. Qc2 Rc8 11. Rfd1 c5 12. d5 Qc7 13. Bh2 Rcd8 14. a4 Ne5 15. Nd2 e6 16. f4 Ned7 17. f5 e5 18. fxg6 fxg6 19. Nb5 Qb8 20. a5 a6 21. Nc3 Qc7 22. Qa4 bxa5 23. Qxa5 Qxa5 24. Rxa5 Bh6 25. Kf2 Rf8 26. Bf3 g5 27. Ke2 Bg7 28. Nde4 Nxe4 29. Nxe4 Nf6 30. Nxg5 Rb8 31. Ne6 Rf7 32. e4 Bc8 33. Rd2 Rb4 34. Nd8 Rc7 35. Rc2 h6 36. Nc6 Rb6 37. Bg3 Bd7 38. b4 Bxc6 39. bxc5 dxc5 40. Bxe5 Nxd5 41. exd5 Bxe5 42. dxc6 Bd4 43. Bd5+ Kg7 44. Ra3 h5 45. Rca2 Ra7 46. Rxa6 Rbxa6 47. Rxa6 Rxa6 48. c7 Ra2+ 49. Kd1 Ra1+ 50. Kc2 Ra2+ 51. Kb3 Rb2+ 52. Ka3 1-0

[Event "Drienica Saris op"]
[Site "Drienica"]
[Date "2020.08.08"]
[Round "2"]
[White "Kulich, Daniel"]
[Black "Recky, Norbert"]
[Result "1/2-1/2"]
[WhiteElo "1492"]
[BlackElo "1811"]
[PlyCount "54"]
[EventDate "2020.08.07"]
[EventType "swiss"]
[EventRounds "9"]
[EventCountry "SVK"]
[SourceTitle "CBM 197 Extra"]
[Source "ChessBase"]
[SourceDate "2020.09.30"]
[SourceVersion "1"]
[SourceVersionDate "2020.09.30"]
[SourceQuality "1"]

1. d4 Nf6 2. Bf4 g6 3. Nc3 d5 4. Qd2 Bg7 5. Bh6 0-0 6. Bxg7 Kxg7 7. 0-0-0 c6 8. f3 b5 9. g4 a5 10. h4 h5 11. gxh5 Nxh5 12. Nh3 Nd7 13. e4 Nb6 14. Nf4 Rh8 15. Nce2 Nc4 16. Qe1 Nxf4 17. Nxf4 Qd6 18. Nd3 dxe4 19. Qxe4 Bf5 20. Qf4 Bxd3 21. Qxd6 Nxd6 22. Bxd3 Rh5 23. Rdg1 Rah8 24. Rg4 g5 25. Rhg1 Rxh4 26. Rxg5+ Kf6 27. c3 R8h5 1/2-1/2

[Event "SVK-chT2D 1920"]
[Site "Slovakia"]
[Date "2020.02.16"]
[Round "9.7"]
[White "Recky, Norbert"]
[Black "Antal, Jakub"]
[Result "1-0"]
[WhiteElo "1800"]
[BlackElo "1892"]
[PlyCount "41"]
[EventDate "2019.10.26"]
[EventType "team-tourn"]
[EventRounds "11"]
[EventCountry "SVK"]
[SourceTitle "CBM 195 Extra"]
[Source "ChessBase"]
[SourceDate "2020.05.31"]
[SourceVersion "1"]
[SourceVersionDate "2020.05.31"]
[SourceQuality "1"]
[WhiteTeam "Margecany"]
[BlackTeam "Kosice Slavia TU IV"]
[WhiteTeamCountry "SVK"]
[BlackTeamCountry "SVK"]

1. e4 Nf6 2. e5 Nd5 3. Nc3 Nxc3 4. dxc3 g6 5. Nf3 Bg7 6. Bf4 Nc6 7. Bc4 0-0 8. Qd2 d6 9. exd6 cxd6 10. 0-0 Bg4 11. Be2 Qb6 12. Rab1 Rfe8 13. Bh6 Bh8 14. Ng5 Ne5 15. Kh1 f6 16. f4 fxg5 17. fxe5 Bxe2 18. Qxe2 Bxe5 19. Rf3 Rac8 20. Rbf1 Qxb2 21. Qc4+ 1-0

[Event "Tatry op"]
[Site "Tatranske Zruby"]
[Date "2019.10.01"]
[Round "5"]
[White "Steiner, Bruno"]
[Black "Recky, Norbert"]
[Result "1/2-1/2"]
[WhiteElo "2139"]
[BlackElo "1759"]
[PlyCount "63"]
[EventDate "2019.09.28"]
[EventType "swiss"]
[EventRounds "9"]
[EventCountry "SVK"]
[SourceTitle "EXT 2020"]
[Source "ChessBase"]
[SourceDate "2019.10.17"]
[SourceVersion "1"]
[SourceVersionDate "2019.10.17"]
[SourceQuality "1"]

1. Nf3 c5 2. c4 g6 3. b3 Bg7 4. Nc3 Nf6 5. Bb2 0-0 6. g3 Nc6 7. Bg2 e5 8. 0-0 d6 9. d3 Bg4 10. h3 Be6 11. Ng5 Bd7 12. a3 h6 13. Nf3 Be6 14. e4 Qd7 15. Kh2 Nh5 16. Ng1 Nd4 17. b4 Rab8 18. Nce2 b5 19. Bxd4 cxd4 20. cxb5 Qxb5 21. h4 a5 22. Bh3 Bxh3 23. Nxh3 axb4 24. axb4 Qxb4 25. Kg2 Qb3 26. Ra6 Qxd1 27. Rxd1 Rb2 28. Kf1 Rd8 29. Nhg1 d5 30. exd5 Rxd5 31. Nf3 Nf6 32. Nd2 1/2-1/2

[Event "SVK-chT2D 1819"]
[Site "Slovakia"]
[Date "2018.10.13"]
[Round "1.7"]
[White "Zigo, Pavol"]
[Black "Recky, Norbert"]
[Result "1-0"]
[WhiteElo "1800"]
[BlackElo "1768"]
[PlyCount "87"]
[EventDate "2018.10.13"]
[EventType "team-tourn"]
[EventRounds "11"]
[EventCountry "SVK"]
[SourceTitle "CBM 187 Extra"]
[Source "ChessBase"]
[SourceDate "2018.11.04"]
[SourceVersion "1"]
[SourceVersionDate "2018.11.04"]
[SourceQuality "1"]
[WhiteTeam "Kosice Slavia UPJS III"]
[BlackTeam "Spisska Nova Ves"]
[WhiteTeamCountry "SVK"]
[BlackTeamCountry "SVK"]

1. d4 Nf6 2. Nf3 g6 3. c4 Bg7 4. Nc3 d5 5. e3 0-0 6. cxd5 Nxd5 7. Bc4 Nxc3 8. bxc3 b6 9. 0-0 Bb7 10. a4 a5 11. Ba3 Re8 12. Re1 e6 13. e4 Nd7 14. e5 Nf8 15. Bb5 Nd7 16. Rb1 Rc8 17. Bd3 c5 18. Be4 Qc7 19. Bxb7 Qxb7 20. Qb3 c4 21. Qc2 Qc6 22. Nd2 f5 23. Rb5 Nb8 24. Reb1 Nd7 25. Bd6 Bh6 26. Nf1 Kf7 27. Qe2 Bg5 28. Rd1 Be7 29. d5 Qb7 30. dxe6+ Kxe6 31. Ne3 Bxd6 32. Rxd6+ Ke7 33. Nd5+ Kf8 34. e6 Rb8 35. e7+ Kg7 36. Qe6 Nc5 37. Qf6+ Kg8 38. h3 Nxa4 39. Qe6+ Kg7 40. Qe5+ Kf7 41. Rf6+ Kg8 42. Qe6+ Kg7 43. Rf7+ Kh6 44. Qe3+ 1-0